| 000 | 00413nam a22001577a 4500 | ||
|---|---|---|---|
| 999 |
_c11716 _d11716 |
||
| 008 | 201231b ||||| |||| 00| 0 eng d | ||
| 020 | _a9788720331341 | ||
| 082 |
_a621 _bAMB |
||
| 100 | _aAmbekar, A. G. | ||
| 245 | _a Mechanism and machine theory | ||
| 260 |
_aNew Delhi _bPHI Learning Pvt. Ltd. _c2011 |
||
| 300 |
_axvii, 986p. _bPBC |
||
| 650 | _aMachinery | ||
| 650 | _aMechanical engineering | ||
| 942 | _cBK | ||